000 00840cab a2200241 4500
001 ABS55368
008 090401t1996 xxu||||| |||| 00| 0 eng d
035 _a(Sirsi) u16006
041 _aeng
100 _aRodgers, C.
245 _aReforming land tenure: farm business tenancies and the rural economy
260 _c1996
350 _a0
490 _aConveyancer & Property Lawyer
_vMay/June 1996, 164-185(22)
520 _aLooks at farm diversification and the potential for a wider economic base for farm business tenancies within the context of the Agricultural Tenancies Act 1995.
650 _aAGRICULTURAL TENANCIES ACT 1995
650 _aFARM BUSINESS TENANCIES
650 _aFARM DIVERSIFICATION
650 _aLAND TENURE
690 _aLANDLORD AND TENANT-AGRICULTURAL TENANCIES
942 _n0
948 _c04/03/1997
999 _c10529
_d10529